Vybrané ukazovatele finančnej analýzy „ex ante“ a ich aplikácia v slovenských podnikoch
Problematika metód finančnej analýzy ex ante - metódy bodového hodnotenia, matematicko-štatistické metódy, neurónové siete. Modifikácia Altmanovho modelu (predikčne zameraná finančná analýza - tzv. Altmannov index finančného zdravia) na podmienky českých podnikov. Index bonity a Tafflerov index. Sp...
Uložené v:
| Hlavný autor: | |
|---|---|
| Ďalší autori: | |
| Médium: | Kapitola |
| Jazyk: | Slovak |
| Predmet: | |
| Tagy: |
Žiadne tagy, Buďte prvý, kto otaguje tento záznam!
|
MARC
| LEADER | 00000nla a2200000 4500 | ||
|---|---|---|---|
| 001 | 0239696 | ||
| 005 | 20240502073903.2 | ||
| 041 | 0 | |a slo | |
| 044 | |a SK | ||
| 245 | 1 | 0 | |a Vybrané ukazovatele finančnej analýzy „ex ante“ a ich aplikácia v slovenských podnikoch |c Andrea Lukačková, Marián Smorada |
| 520 | |a Problematika metód finančnej analýzy ex ante - metódy bodového hodnotenia, matematicko-štatistické metódy, neurónové siete. Modifikácia Altmanovho modelu (predikčne zameraná finančná analýza - tzv. Altmannov index finančného zdravia) na podmienky českých podnikov. Index bonity a Tafflerov index. Springateov model. | ||
| 610 | 2 | 0 | |a analýza finančná |
| 610 | 2 | 0 | |a modely analytické ekonometrické |
| 610 | 2 | 0 | |a metódy ekonomicko-matematické |
| 610 | 2 | 0 | |a analýza ekonometrická |
| 610 | 2 | 0 | |a rozhodovanie viackriteriálne |
| 610 | 2 | 0 | |a rozhodovanie úverové |
| 610 | 2 | 0 | |a závierka účtovná |
| 100 | 1 | |a Lukačková, Andrea, 1992- | |
| 700 | 1 | |a Smorada, Marián, 1984- | |